Fundamentals of classical thermodynamics

Na minha lista:
Detalhes bibliográficos
Principais autores: Van Wylen, Gordon John (Autor), Sonntag, Richard Edwing (Autor)
Formato: Livro
Idioma:inglês
Publicado em: Nueva York John Wiley 1978
Edição:2a. ed
coleção:Thermal and transport sciences
Assuntos:
Tags: Adicionar Tag
Sem tags, seja o primeiro a adicionar uma tag!

MARC

LEADER 00000nam a2200000 a 4500
001 UCU3753
003 CL-VaPUC
008 960510e19780000US |||||||||||||||||eng|d
082 0 4 |a 541.369  |b VAN  |2 21 
100 0 |a Van Wylen, Gordon John  |e author  |9 360868 
700 0 |a Sonntag, Richard Edwing  |e author  |9 360869 
245 1 0 |a Fundamentals of classical thermodynamics 
250 |a 2a. ed 
300 |a 744 p 
942 |c BK 
945 |d 19960510 00:00:00  |a paguirre 
260 |a Nueva York  |b John Wiley  |c 1978 
650 0 |a Termodinámica   |9 259320 
650 0 |a Entropía  |9 262675 
650 0 |a Reacciones químicas  |9 259438 
650 7 |a EQUILIBRIOS QUIMICOS  |2 CL-VaPUC  |9 336637 
650 0 |a Termoquímica  |9 337401 
583 |a last modification  |c 19960510 00:00:00  |k Rodrigo Vera 
490 0 |a Thermal and transport sciences 
999 |c 247653  |d 247651 
952 |0 0  |1 0  |4 0  |6 541_369000000000000_VAN_1978  |7 0  |8 A  |9 263718  |a BIBING  |b BIBING  |d 2019-11-19  |i 1658204  |o 541.369 VAN 1978  |p 1658204  |r 2025-01-20  |w 2019-11-19  |y BK  |k EIQ